000 00777nam a2200289Ia 4500
005 20260324125836.0
008 008 260324s9999 xx 000 0 eng d
020 _a9780429207297
037 _aEBOOK
040 _aCRL
040 _beng
040 _cCRL
041 _2eng
041 _aeng
084 _qCRL
100 _aMario César Suárez Arriaga; Jochen Bundschuh; Francisco Javier Dominguez-Mota
_91179534
245 0 _aNumerical Modeling of Coupled Phenomena in Science and Engineering
245 0 _bPractical Use and Examples
260 _bTaylor and Francis
260 _c2008
365 _a
365 _b480
856 _uhttp://www.taylorfrancis.com/books/9780429207297
942 _cEBOOK
999 _c1775133
_d1775133